000
00293nam a22001337a 4500
008
170508b xxu||||| |||| 00| 0 eng d
020
_a
9780534573874
041
_a
eng
080
_a
341
100
_a
14
101
_a
SHJ
245
_a
INTERNATIONAL LAW
_c
SLOMANSON.W..R
942
_2
udc
_c
BK
999
_c
12856
_d
12856